Most Guessed World Capitals - Statistics

General Stats
  • This quiz has been taken 35 times
  • The average score is 12 of 15
Answer Stats
Rank Percent Capital % Correct
#3 89% London
100%
#6 84% Moscow
97%
#5 85% Washington D.C.
97%
#9 81% Tokyo
94%
#1 92% Paris
90%
#2 89% Rome
90%
#7 84% Madrid
87%
#13 78% Beijing
84%
#4 88% Berlin
84%
#11 78% Amsterdam
77%
#10 81% Dublin
74%
#12 78% Oslo
71%
#15 77% Brussels
68%
#8 82% Athens
65%
#14 77% Vatican City
26%
No matching quizzes found
Score Distribution
Percent of People with Each Score
Percentile by Number Answered
Your Score History
You have not taken this quiz